Jak fungují trhy
Salvato in:
| Autore principale: | |
|---|---|
| Altri autori: | |
| Natura: | Libro |
| Lingua: | ceco |
| Pubblicazione: |
Praha
MegaPrint
1998
|
| Soggetti: | |
| Tags: |
Nessun Tag, puoi essere il primo ad aggiungerne!!
|
MARC
| LEADER | 00000nam a2200000 4500 | ||
|---|---|---|---|
| 001 | c113568 | ||
| 005 | 20230220124102.5 | ||
| 020 | |a 80-902270-5-8 | ||
| 041 | 0 | |a cze | |
| 044 | |a CZ | ||
| 245 | 1 | 0 | |a Jak fungují trhy |c Israel M. Kirzner ; [překlad: Josef Šíma] |
| 264 | 1 | |a Praha |b MegaPrint |c 1998 | |
| 300 | |a 90 s. | ||
| 610 | 2 | 0 | |a veda ekonomická |
| 610 | 2 | 0 | |a myslenie ekonomické |
| 610 | 2 | 0 | |a história |
| 610 | 2 | 0 | |a teórie ekonomické |
| 610 | 2 | 0 | |a ceny |
| 610 | 2 | 0 | |a trh |
| 610 | 2 | 0 | |a hospodárstvo trhové |
| 610 | 2 | 0 | |a konkurencia |
| 610 | 2 | 0 | |a podnikanie |
| 610 | 2 | 0 | |a reklama |
| 610 | 2 | 0 | |a blahobyt |
| 610 | 2 | 0 | |a socializmus |
| 610 | 2 | 0 | |a Mises, L. |
| 610 | 2 | 0 | |a Hayek, F.A. |
| 100 | 1 | |a Kirzner, Israel M. | |
| 700 | 1 | |a Šíma, Josef | |